[Event "Avoine op 30th"]
[Site "Avoine"]
[Date "2015.07.23"]
[Round "6"]
[White "Steinle, Thibaud"]
[Black "Chabeaud, Jean Jacques"]
[Result "1-0"]
[WhiteElo "2079"]
[BlackElo "1802"]
[PlyCount "39"]
[EventDate "2015.07.18"]
[EventType "swiss"]
[EventRounds "9"]
[EventCountry "FRA"]
[SourceTitle "EXT 2016"]
[Source "ChessBase"]
[SourceDate "2015.10.08"]
[SourceVersion "1"]
[SourceVersionDate "2015.10.08"]
[SourceQuality "1"]

1. e4 e5 2. Nf3 d6 3. d4 exd4 4. Nxd4 Nf6 5. Nc3 Be7 6. Be3 0-0 7. Be2 Re8 8. g4 Bf8 9. Bf3 c6 10. g5 Nfd7 11. Rg1 Ne5 12. Be2 b5 13. f4 b4 14. Na4 Ned7 15. Nf5 c5 16. Qd5 Nb6 17. Nxb6 Qxb6 18. Nh6+ gxh6 19. gxh6+ Kh8 20. Qxf7 1-0

[Event "FRA-ch U16"]
[Site "Hyeres"]
[Date "2002.??.??"]
[Round "2.5"]
[White "Flom, Gabriel"]
[Black "Steinle, Thibaud"]
[Result "1-0"]
[WhiteElo "2172"]
[BlackElo "2051"]
[PlyCount "65"]
[EventDate "2002.04.05"]
[EventType "swiss"]
[EventRounds "9"]
[EventCountry "FRA"]
[SourceTitle "EXT 2003"]
[Source "ChessBase"]
[SourceDate "2002.11.25"]
[SourceVersion "1"]
[SourceVersionDate "2002.11.25"]
[SourceQuality "1"]

1. d4 Nf6 2. c4 c5 3. d5 b5 4. cxb5 a6 5. bxa6 Bxa6 6. Nc3 g6 7. e4 Bxf1 8. Kxf1 d6 9. Nf3 Bg7 10. g3 Nbd7 11. Kg2 0-0 12. h3 Ra5 13. Re1 Qa8 14. Qc2 Rb8 15. b3 Nb6 16. a4 Qb7 17. Bb2 Nc4 18. bxc4 Qxb2 19. Qxb2 Rxb2 20. e5 Ne8 21. Rab1 Rb4 22. Rxb4 cxb4 23. Nb5 Rxa4 24. exd6 Nxd6 25. Nxd6 exd6 26. Re8+ Bf8 27. c5 b3 28. c6 Rc4 29. Rb8 Rc5 30. Rxb3 Be7 31. Rb7 Bf6 32. Rd7 Rxd5 33. c7 1-0